Statistics for Countries with 5 Letters - 30 Second Sprint

Click here to take the quiz!

General Stats

  • This quiz has been taken 51 times
  • The average score is 10 of 24

Answer Stats

Country % Correct
Spain
69%
Italy
69%
Samoa
54%
China
51%
Tonga
51%
India
51%
Benin
49%
Palau
49%
Gabon
49%
Chile
49%
Ghana
46%
Japan
46%
Nauru
46%
Niger
43%
Sudan
37%
Nepal
37%
Malta
34%
Qatar
34%
Haiti
34%
Yemen
34%
Libya
31%
Syria
31%
Kenya
29%
Egypt
23%

Score Distribution

Percentile by Number Answered

Percent of People with Each Score

Your Score History

You have not taken this quiz